000 00513nam a22001697a 4500
003 OSt
005 20221214102504.0
008 220915b |||||||| |||| 00| 0 eng d
020 _a90 76703 21 3
040 _cBiblioteca Lado V
082 _a779.039.27
_bM523p
100 _aMelis, Win
_eautor
_efotógrafo
_9491
245 _aPhotographs From the Arab World/
260 _aIrlanda
_bFundación principe Claus
_c2004
300 _a271p.
_c24x24cm
942 _2ddc
_c1
_h779.039.27
_iM523p
_n0
999 _c2728
_d2728